00590nam a22002177a 450000500170000001000130001702000220003003500130005203700160006504000120008108200160009324500670010926000340017627000410021030000200025150000240027165000220029565000160031770000210033370000180035420170124110025.0 aA-688495 c00.00a8172490216 aA-688495 bCen Lib/Ret aDPLbEN a302.14bCRI aCrisis in India /cedited by K.L.Chanchreek [and] Saroj Prasad bH.K. publishers aDelhic1993 b Delhie110052aA-1/11, Shakti nagar a396p.c21cm(Hb) aIncludes appendix  aPolitical science aCommunalism aChanchreek, K.L. aPrasad, Saroj